| 000 | 01644nam a22002657a 4500 | ||
|---|---|---|---|
| 003 | Uzh_bibl | ||
| 008 | 260507b |||||||| |||| 00| 0 ukr d | ||
| 020 |
_a978-966-14-4816-1 _c55.00 |
||
| 040 | _bукр. | ||
| 041 |
_2ukr _aukr |
||
| 080 | _a821(477) | ||
| 090 |
_a821(477) _bШ 66 |
||
| 100 | _aШкляр,Василь | ||
| 245 |
_aЕлементал _cгол. ред. С. Скляр; корект. Н. Радченко; худож. ред. Н. Переходенко _hТекст |
||
| 260 |
_aХарків _bКнижковий Клуб "Клуб Сімейного Дозвілля" _c2015 |
||
| 300 |
_a224 с. _fВ опр. |
||
| 490 | _v3-тє вид. | ||
| 520 | _aВояк Французького іноземного легіону дістав спеціальний наказ — урятувати Хеду, дочку чеченського генерала, від російських спецслужб. Він і сам прагнув цього ризикованого відрядження, адже до «гарячої точки» втекла його дівчина разом із тамтешнім командиром. Вояк знайде її там, де найменше сподівався... Але чим насправді було це завдання і якою була роль Хеди? | ||
| 521 | _aДля широкого кола читачів | ||
| 546 | _aукр. | ||
| 650 | _aЛітературно-художнє видання | ||
| 653 |
_aВідрядження _aВояк _aЧеченський генерал |
||
| 655 |
_aПроза _vРоман |
||
| 942 |
_2udc _cBK |
||
| 999 |
_c17663 _d17663 |
||